Statistics for Biggest cities close to equator on a map

Click here to take the quiz!

General Stats

  • This quiz has been taken 71 times
  • The average score is 16 of 20

Answer Stats

Hint Answer % Correct
30,6 MJakarta
99%
9,8 MBogotá
97%
5,95 MNairobi
97%
12,0 MKinshasa
96%
7,8 MSingapore
96%
2,68 MQuito
94%
8,7 MKuala Lumpur
93%
4,95 MAccra
90%
3,4 MKampala
90%
3,95 MMedellin
88%
3,3 MYaoundé
84%
5,45 MAbidjan
78%
3,05 MCali
78%
2,18 MManaus
76%
3,65 MFortaleza
75%
2,23 MBelem
72%
3,13 MGuayaquil
72%
3,25 MDouala
54%
2,28 MPort Harcourt
45%
3,95 MMedan
43%

Score Distribution

Percentile by Number Answered

Percent of People with Each Score

Your Score History

You have not taken this quiz